| 000 | 00695nam a2200241 a 4500 | ||
|---|---|---|---|
| 001 | 74694 | ||
| 003 | BD-RjUL | ||
| 005 | 20211209082605.0 | ||
| 008 | 181120s1968 b a|||| b||| 00| 0 eng d | ||
| 035 | _a(BD-RjUL) 74912 | ||
| 040 |
_aBD-RjUL _beng _cBD-RjUL |
||
| 041 | _aeng | ||
| 082 |
_21st.ed. _a536.7 _bPRH 1968 |
||
| 100 | 1 | _4Pramanik, Nasir Uddin | |
| 245 | 1 | 0 |
_aHeat and thermodynamics / _cNasir Uddin Pramanik , Abul Kalam |
| 260 |
_aDhaka : _bMullick Brother, _c1968 |
||
| 300 |
_aPt. : _bill. ; _c21 cm |
||
| 505 | _aPart. 1. Heat.--pt .2. Thermodynamics.-- | ||
| 650 |
_aThermodynamics. _9225100 |
||
| 650 |
_aHeat. _9225101 |
||
| 700 |
_aKalam, Abul _9225443 |
||
| 942 |
_2ddc _cBK |
||
| 999 |
_c74694 _d74694 |
||